000 00957cam a2200205 4500
001 L136667
008 070214n2006 000 0 eng u
035 _a(Sirsi) u136667
041 0 _aeng
110 2 _aInvestment Property Databank
_92288
245 0 0 _aIPD UK quarterly index fourth quarter
_h[electronic resource]
260 _aLondon
_bIPD
_c2006
490 0 _aIPD UK Quarterly Index
_vQ4 2006
520 _aReports total return at 3.7% in the fourth quarter 2006, with income return at 1.2% and capital growth at 2.5%. Show offices to be the best performing of the commercial property sectors, with the highest capital growth. The industrial property sector reported the highest rental income yields.
590 _aKA
651 4 _aUnited Kingdom
_y
690 _aPROPERTY-COMMERCIAL PROPERTY-COMMERCIAL PROPERTY FINANCE AND INVESTMENT
856 4 0 _uhttps://www.ipdglobal.com/
_zView the item free of charge at www.ipdglobal.com...
942 _n0
999 _c106469
_d106469